000 00454nam a2200157Ia 4500
008 210716s2011 xx 000 0 und d
020 _a9788130912677
041 _aeng
082 _a374.22 NIPK
100 _aNippani, Kalyan Sagar.
245 _aWinning without running: scientific laws of leadership.
_bScientific laws of leadership.
250 _a1
260 _aNew Delhi
_bViva Books
_c2011
300 _axviii,209
650 _aGeneral Management
999 _c207800
_d207800